Normal view
MARC view
- Quantum computing, Computer software
Entry Topical Term
001 - CONTROL NUMBER
- control field: 94089
003 - CONTROL NUMBER IDENTIFIER
- control field: NUST
005 - DATE AND TIME OF LATEST TRANSACTION
- control field: 20220720135307.0
008 - FIXED-LENGTH DATA ELEMENTS
- fixed length control field: 220720|| aca||aabn | a|a d
040 ## - CATALOGING SOURCE
- Original cataloging agency: NUST
- Transcribing agency: NUST
150 ## - HEADING--TOPICAL TERM
- Topical term or geographic name entry element: Quantum computing, Computer software
670 ## - SOURCE DATA FOUND
- Source citation: Work cat.: (NUST): D. Hidary, Jack 94088, Quantum Computing: , 2019
